[Event "Oberliga Nord N 9900"]
[Site "?"]
[Date "2000.??.??"]
[Round "?"]
[White "David Torsten"]
[Black "Rhodin Christian"]
[Result "1-0"]
[WhiteElo "2180"]
[BlackElo "2250"]
[PlyCount "64"]
[EventDate "2000.??.??"]
[Source "www.chesslib.no"]
[SourceDate "2004.05.04"]

1. e4 e5 2. f4 exf4 3. Nf3 Be7 4. Nc3 Bh4+ 5. Ke2 d5 6. Nxd5 Nf6 7. Nxf6+ Qxf6 8. e5 Qa6+ 9. d3 Bg4 10. Bxf4 Nc6 11. c3 O-O-O 12. Kd2 g5 13. Be3 Nxe5 14. d4 Qb6 15. Kc1 Rhe8 16. Bd2 Bf2 17. Qc2 Nxf3 18. gxf3 Bh5 19. Bh3+ Kb8 20. Rf1 Re2 21. Qd3 Rde8 22. b3 Qf6 23. Bf5 Bg6 24. Bxg6 hxg6 25. Kd1 Qf5 26. Qxf5 gxf5 27. Bxg5 Re1+ 28. Kd2 R8e2+ 29. Kd3 Rxf1 30. Rxf1 Rxa2 31. Bd2 Bh4 32. Rg1 Kc8 1-0

[Event "Asti Open"]
[Site "Asti ITA"]
[Date "1995.??.??"]
[Round "1"]
[White "Belotti, Bruno"]
[Black "Mordiglia, Riccardo"]
[Result "1-0"]
[WhiteElo "2405"]
[BlackElo "2015"]
[PlyCount "43"]
[EventDate "1995.??.??"]
[Source "www.chesslib.no"]
[SourceDate "2004.05.04"]

1. e4 e5 2. f4 exf4 3. Nf3 Be7 4. Bc4 Bh4+ 5. Kf1 d5 6. Bxd5 Nf6 7. Nc3 Nxd5 8. Nxd5 f5 9. Nxh4 Qxh4 10. e5 Nc6 11. Nxc7+ Kd8 12. Nxa8 Nd4 13. d3 f3 14. Rg1 Ne2 15. gxf3 Nxg1 16. Kxg1 f4 17. Qe2 Bh3 18. Qf2 Qg5+ 19. Qg3 Qxg3+ 20. hxg3 fxg3 21. Bf4 Kd7 22. e6+ 1-0

[Event "Meudon"]
[Site "Meudon"]
[Date "1990.??.??"]
[Round "6"]
[White "Nory, Pascal"]
[Black "Usachyi, Vladimir"]
[Result "1/2-1/2"]
[WhiteElo "2140"]
[BlackElo "2275"]
[PlyCount "54"]
[EventDate "1990.??.??"]
[Source "www.chesslib.no"]
[SourceDate "2004.05.04"]

1. e4 e5 2. f4 exf4 3. Nf3 Be7 4. Nc3 Bh4+ 5. Ke2 Be7 6. d4 Nf6 7. Bxf4 d5 8. exd5 Nxd5 9. Nxd5 Qxd5 10. Kf2 c6 11. Qd2 O-O 12. Bd3 Bg4 13. Ne5 Bh5 14. Bc4 Qd8 15. Rhf1 Nd7 16. Kg1 Nb6 17. Bb3 Nd5 18. Rae1 f6 19. Nd3 Bf7 20. Qf2 Bd6 21. Bxd6 Qxd6 22. Nc5 b6 23. Ne4 Qd7 24. Ng3 Rae8 25. Nf5 Rxe1 26. Rxe1 Re8 27. Rxe8+ Qxe8 1/2-1/2

[Event "Centrocoop Sept op"]
[Site "?"]
[Date "1999.??.??"]
[Round "?"]
[White "Birinyi Zoltan2"]
[Black "Baluta Constantin"]
[Result "1/2-1/2"]
[WhiteElo "2151"]
[BlackElo "2243"]
[PlyCount "141"]
[EventDate "1999.??.??"]
[Source "www.chesslib.no"]
[SourceDate "2004.05.04"]

1. e4 e5 2. f4 exf4 3. Nf3 Be7 4. Nc3 Bh4+ 5. Ke2 d6 6. d3 Bg4 7. Bxf4 Ne7 8. Kd2 Ng6 9. Be3 Nc6 10. Be2 Bf6 11. Qe1 a5 12. Qf2 a4 13. Nd4 Bxe2 14. Ncxe2 Nxd4 15. Bxd4 Bxd4 16. Qxd4 Qg5+ 17. Qe3 Qa5+ 18. c3 O-O 19. Rae1 Rfe8 20. Nf4 Nxf4 21. Qxf4 Re6 22. Rhf1 Rf6 23. Qe3 Rg6 24. Re2 Qh5 25. g3 Re6 26. Qf3 Qxf3 27. Rxf3 f6 28. Ref2 c6 29. c4 Kf7 30. g4 h6 31. h4 Re5 32. Rf4 c5 33. Rg2 Ke6 34. Rf5 b5 35. cxb5 Rb8 36. Kc3 Rxb5 37. Rxe5+ Kxe5 38. Rf2 Rb8 39. g5 hxg5 40. hxg5 Ke6 41. gxf6 gxf6 42. Rh2 Rb4 43. Rh8 Rd4 44. Re8+ Kd7 45. Rf8 Ke7 46. Rc8 Kf7 47. a3 Ke6 48. Re8+ Kd7 49. Rh8 Ke6 50. Re8+ Kf7 51. Rc8 Kg6 52. Rb8 Kh5 53. Rg8 Kh6 54. Rg3 Kh5 55. Rg8 Kh6 56. Rg3 d5 57. exd5 f5 58. b4 axb3 59. Kxb3 f4 60. Rg8 Rxd5 61. Kc4 Rf5 62. Rg1 Kh5 63. a4 f3 64. a5 Kh4 65. a6 f2 66. Rh1+ Kg3 67. a7 Rf8 68. Kxc5 Kg2 69. Rd1 f1=Q 70. Rxf1 Kxf1 71. d4 1/2-1/2

[Event "Sportland-NRW-Cup"]
[Site "Senden"]
[Date "1999.??.??"]
[Round "5"]
[White "Berkvens, Joost"]
[Black "Diehl, Klaus"]
[Result "1-0"]
[WhiteElo "2265"]
[BlackElo "2125"]
[PlyCount "81"]
[EventDate "1999.10.??"]
[Source "www.chesslib.no"]
[SourceDate "2004.05.04"]

1. e4 e5 2. f4 exf4 3. Nf3 Be7 4. Nc3 Bh4+ 5. Ke2 d5 6. Nxd5 Bg4 7. h3 Bxf3+ 8. gxf3 Nf6 9. Nxf4 Nxe4 10. fxe4 Qd4 11. Bg2 Qf2+ 12. Kd3 Nc6 13. c3 Qxf4 14. Kc2 O-O-O 15. Qg4+ Qxg4 16. hxg4 Bg5 17. d4 h6 18. b3 Ne7 19. e5 c5 20. Bxg5 hxg5 21. Raf1 cxd4 22. Rxh8 Rxh8 23. Bxb7+ Kxb7 24. Rxf7 Re8 25. cxd4 Kc6 26. Rxg7 Kd5 27. Kd3 a5 28. a4 Rb8 29. Rxe7 Rxb3+ 30. Kc2 Rg3 31. Rd7+ Ke6 32. Rd6+ Ke7 33. Ra6 Rxg4 34. Kd3 Rg1 35. Ke4 g4 36. Ra7+ Kf8 37. Ra8+ Kf7 38. Kd5 g3 39. e6+ Kf6 40. Rf8+ Kg7 41. e7 1-0

[Event "Rey Ardid (memorial)"]
[Site "?"]
[Date "2004.04.16"]
[Round "6.12"]
[White "Ramon Perez Jose Luis"]
[Black "Queimadelos Garcia Victor"]
[Result "1/2-1/2"]
[WhiteElo "2275"]
[BlackElo "2097"]
[PlyCount "103"]
[EventDate "2004.??.??"]
[Source "www.chesslib.no"]
[SourceDate "2004.05.04"]

1. e4 e5 2. f4 exf4 3. Nf3 Be7 4. Nc3 Nf6 5. d4 d5 6. Bd3 dxe4 7. Nxe4 Nd5 8. O-O Bg4 9. c3 c6 10. Qb3 Qb6 11. Ne5 Qxb3 12. axb3 Be6 13. Nc4 O-O 14. Bxf4 Nxf4 15. Rxf4 Nd7 16. Na5 c5 17. Nxb7 cxd4 18. cxd4 Bxb3 19. Nc3 Bg5 20. Re4 Nf6 21. Ree1 Rfb8 22. Nc5 Rb4 23. N3e4 Nxe4 24. Bxe4 Rd8 25. Nxb3 Rxb3 26. Rxa7 Be3+ 27. Kf1 Bxd4 28. Rd1 f5 29. Ra8 Rxa8 30. Bxa8 Rb4 31. b3 Kf8 32. Bd5 Be5 33. Bc4 Ke7 34. h3 Rb6 35. Rd5 Kf6 36. Ke2 Rb7 37. Kd3 g5 38. Ra5 Rd7+ 39. Bd5 g4 40. hxg4 fxg4 41. Ke4 Bc3 42. Ra6+ Kg5 43. Re6 Bf6 44. b4 Re7 45. b5 Rxe6+ 46. Bxe6 Bd8 47. Bd7 h5 48. Ke3 Bb6+ 49. Ke2 h4 50. Kf1 Kf4 51. Bc8 Kg3 52. Bd7 1/2-1/2

[Event "Tch (Men) 2005/2006 AUT"]
[Site "?"]
[Date "2005.10.08"]
[Round "1"]
[White "Schiestl Josef"]
[Black "Schiner Hartmut"]
[Result "1/2-1/2"]
[WhiteElo "2157"]
[BlackElo "2205"]
[PlyCount "46"]
[EventDate "2005.??.??"]
[Source "www.chesslib.no"]
[SourceDate "2004.05.04"]

1. e4 e5 2. f4 exf4 3. Nf3 Be7 4. Bc4 Bh4+ 5. Kf1 d5 6. Bxd5 Nf6 7. Nc3 Nxd5 8. Nxd5 Bg4 9. h3 Be6 10. Nxf4 O-O 11. d3 Nc6 12. Be3 Bg3 13. Qd2 Bxf4 14. Bxf4 f5 15. exf5 Rxf5 16. Kg1 Nd4 17. Nxd4 Qxd4+ 18. Be3 Qxb2 19. Kh2 Raf8 20. Rhe1 Bd5 21. Kg1 Qf6 22. c4 Be6 23. Qe2 Bd7 1/2-1/2

[Event "La Pobla de Lillet"]
[Site "?"]
[Date "1998.??.??"]
[Round "6"]
[White "Viladrich Claret, Jordi"]
[Black "Cots Paltor, Jordi"]
[Result "1-0"]
[WhiteElo "2215"]
[BlackElo "2125"]
[PlyCount "25"]
[EventDate "1998.??.??"]
[Source "www.chesslib.no"]
[SourceDate "2004.05.04"]

1. e4 e5 2. f4 exf4 3. Nf3 Be7 4. Bc4 Bh4+ 5. Kf1 d5 6. exd5 Be7 7. Qe2 Nf6 8. Nc3 O-O 9. d4 Bd6 10. Ne5 Re8 11. Bxf4 c5 12. dxc6 Nxc6 13. Nxf7 1-0

[Event "Manresa op"]
[Site "Manresa"]
[Date "1996.??.??"]
[Round "6"]
[White "Duran Albareda, Xavier"]
[Black "Gomez, M."]
[Result "1/2-1/2"]
[WhiteElo "2130"]
[BlackElo "2205"]
[PlyCount "20"]
[EventDate "1996.??.??"]
[Source "www.chesslib.no"]
[SourceDate "2004.05.04"]

1. e4 e5 2. f4 exf4 3. Nf3 Be7 4. Nc3 d6 5. d4 Nf6 6. Bxf4 Nc6 7. Bd3 Bg4 8. Be3 Qd7 9. O-O Bh5 10. d5 Ne5 1/2-1/2

[Event "Pyramiden Franken Cup 1st"]
[Site "?"]
[Date "1998.??.??"]
[Round "7"]
[White "Nussbaecher Andreas"]
[Black "Klimpel Thomas"]
[Result "0-1"]
[WhiteElo "2140"]
[BlackElo "2155"]
[PlyCount "48"]
[EventDate "1998.??.??"]
[Source "www.chesslib.no"]
[SourceDate "2004.05.04"]

1. e4 e5 2. f4 exf4 3. Nf3 Be7 4. d4 Bh4+ 5. Ke2 d5 6. e5 Bg4 7. Bxf4 Ne7 8. Qd3 Ng6 9. g3 O-O 10. Kd2 f6 11. e6 Bg5 12. Qe3 Bxf4 13. gxf4 Re8 14. Rg1 Bxe6 15. Nc3 Bf7 16. Qf2 Qd6 17. Ne5 Nxe5 18. fxe5 fxe5 19. Nb5 Qh6+ 20. Kc3 a6 21. dxe5 axb5 22. Bd3 d4+ 23. Qxd4 Nc6 24. Qf2 b4# 0-1

[Event "Catalunya-chA"]
[Site "?"]
[Date "1996.10.20"]
[Round "3"]
[White "Ballesteros Collazos Sergio"]
[Black "Marza Vendrell Conrad"]
[Result "0-1"]
[WhiteElo "2090"]
[BlackElo "2190"]
[PlyCount "66"]
[EventDate "1996.??.??"]
[Source "www.chesslib.no"]
[SourceDate "2004.05.04"]

1. e4 e5 2. f4 exf4 3. Nf3 Be7 4. Nc3 Bh4+ 5. Ke2 d6 6. d4 Bg4 7. Bxf4 Nc6 8. Qd3 Bf6 9. Be3 Nge7 10. Kd2 O-O 11. h3 Bxf3 12. gxf3 b5 13. h4 b4 14. Ne2 Re8 15. Nf4 Ng6 16. Nxg6 hxg6 17. h5 g5 18. Bh3 Rb8 19. Rag1 b3 20. c3 bxa2 21. Kc2 Rb6 22. Ra1 Qe7 23. Rxa2 Reb8 24. f4 gxf4 25. Bxf4 Bxd4 26. Bf5 a5 27. Qg3 Bf6 28. Rg1 Kh8 29. Qg2 Ne5 30. Rh1 a4 31. Bg6 fxg6 32. hxg6+ Kg8 33. Qe2 Nxg6 0-1

[Event "Landesliga Nord 9697 Bayern"]
[Site "Germany"]
[Date "1997.??.??"]
[Round "?"]
[White "Saathoff, Richard"]
[Black "Appel, Helmut"]
[Result "0-1"]
[WhiteElo "2135"]
[BlackElo "2135"]
[PlyCount "82"]
[EventDate "1996.10.??"]
[Source "www.chesslib.no"]
[SourceDate "2004.05.04"]

1. e4 e5 2. f4 exf4 3. Nf3 Be7 4. Bc4 Bh4+ 5. Kf1 d6 6. d4 Nc6 7. Bxf4 Bg4 8. Nc3 Nge7 9. Qd2 Bf6 10. Be3 Qd7 11. Rd1 a6 12. Qf2 b5 13. Bb3 Nc8 14. Rd2 O-O 15. Qg3 Na5 16. Ne5 Bxe5 17. dxe5 Nxb3 18. axb3 f5 19. Ke1 fxe4 20. h3 Bh5 21. Nxe4 Bg6 22. Ng5 Ne7 23. e6 Nf5 24. Qf3 Qe7 25. g4 Nd4 26. Qg2 Nxe6 27. Qd5 Rae8 28. Kd1 h6 29. Nxe6 Qxe6 30. Qxe6+ Rxe6 31. Bf2 Be4 32. Rg1 Ref6 33. Bd4 Rf3 34. h4 c5 35. Re2 Rf1+ 36. Rxf1 Rxf1+ 37. Kd2 Bf3 38. Rf2 Rd1+ 39. Ke3 Bxg4 40. Bc3 Rh1 41. Rd2 b4 0-1

[Event "JUG-Cup women"]
[Site "Pula CRO"]
[Date "1989.??.??"]
[Round "?"]
[White "Pihajlic, Amalija"]
[Black "Kolar, Jelena"]
[Result "1-0"]
[WhiteElo "2175"]
[BlackElo "2095"]
[PlyCount "66"]
[EventDate "1989.??.??"]
[Source "www.chesslib.no"]
[SourceDate "2004.05.04"]

1. e4 e5 2. f4 exf4 3. Nf3 Be7 4. Bc4 Bh4+ 5. Kf1 d6 6. d4 Bg4 7. Bxf4 Qf6 8. g3 Nc6 9. c3 O-O-O 10. Kg2 Bg5 11. Bxg5 Bxf3+ 12. Qxf3 Qxg5 13. Bxf7 Nh6 14. Be6+ Kb8 15. Rf1 Qe7 16. Bd5 Rhf8 17. Qe2 Rxf1 18. Qxf1 Rf8 19. Qe2 Qg5 20. Nd2 Ng4 21. Rf1 Rxf1 22. Nxf1 Ne7 23. Be6 Nf6 24. Nd2 Ng6 25. Kh1 a6 26. Bf5 Ne7 27. Bh3 Ng6 28. Bg2 h5 29. Nf1 h4 30. Qe3 Qg4 31. e5 dxe5 32. dxe5 Nh5 33. Qf3 Nxe5 1-0

[Event "Vins de Medoc op"]
[Site "Naujac sur Mer"]
[Date "2001.07.04"]
[Round "5.8"]
[White "Van der Laan, Dinard"]
[Black "Van Hengel, Hugo"]
[Result "1-0"]
[WhiteElo "2199"]
[BlackElo "2068"]
[PlyCount "109"]
[EventDate "2001.07.01"]
[Source "www.chesslib.no"]
[SourceDate "2004.05.04"]

1. e4 e5 2. f4 exf4 3. Nf3 Be7 4. Bc4 c6 5. Nc3 Nf6 6. e5 Nh5 7. d4 O-O 8. Ne4 d5 9. exd6 Bxd6 10. Nxd6 Qxd6 11. Ne5 Nd7 12. Nxd7 Bxd7 13. O-O f3 14. c3 fxg2 15. Rf2 g6 16. Bh6 Be6 17. Bxe6 Qxe6 18. Bxf8 Rxf8 19. Qe1 Qd7 20. Qe2 Re8 21. Qf3 f5 22. Rxg2 Nf6 23. Rf1 Kh8 24. Re2 Re4 25. Rxe4 Nxe4 26. Qf4 a6 27. Re1 Kg8 28. Qb8+ Kg7 29. Qe5+ Kf7 30. Qh8 Ng5 31. h4 Nf3+ 32. Kf2 Nxe1 33. Qxh7+ Ke6 34. Qxg6+ Kd5 35. Kxe1 Qe7+ 36. Kd2 Qxh4 37. Qxf5+ Kd6 38. Qe5+ Kd7 39. Kc2 Qf2+ 40. Kb3 Qd2 41. Qb8 Qd1+ 42. Kb4 a5+ 43. Kxa5 Qh5+ 44. Qe5 Qf7 45. b3 Qf1 46. c4 Qa1 47. Qg7+ Kd8 48. Kb6 Qxa2 49. Qc7+ Ke8 50. Kxb7 Qxb3+ 51. Qb6 Qc3 52. Qxc6+ Ke7 53. d5 Qb4+ 54. Qb5 Qd6 55. Qb6 1-0

[Event "Madrid (championnat B)"]
[Site "?"]
[Date "2004.01.10"]
[Round "3.5"]
[White "Vallejo Diaz Jesus"]
[Black "Cabañas Bravo Juan Andres"]
[Result "1-0"]
[WhiteElo "2212"]
[BlackElo "2045"]
[PlyCount "71"]
[EventDate "2004.??.??"]
[Source "www.chesslib.no"]
[SourceDate "2004.05.04"]

1. e4 e5 2. f4 exf4 3. Nf3 Be7 4. Bc4 Bh4+ 5. Kf1 d5 6. exd5 Be7 7. d4 Bd6 8. Nc3 Ne7 9. Ne2 Ng6 10. Bd3 Qf6 11. c4 b6 12. c5 bxc5 13. dxc5 Bxc5 14. Nxf4 O-O 15. Qc2 Na6 16. Nh5 Qd6 17. a3 Bg4 18. Ng3 Rae8 19. Qc4 Bxf3 20. gxf3 Nb8 21. Ne4 Qd7 22. Nxc5 Qh3+ 23. Kf2 Ne5 24. Qf4 Nbd7 25. Bf5 Nxc5 26. Bxh3 Ned3+ 27. Kg3 Nxf4 28. Bxf4 Nd3 29. Bxc7 f5 30. Bf1 f4+ 31. Kg2 Ne1+ 32. Kf2 Nc2 33. d6 Nxa1 34. Bc4+ Kh8 35. Rxa1 Re5 36. Rd1 1-0

[Event "Andalucia Ch"]
[Site "Rincon de La Victoria"]
[Date "1995.??.??"]
[Round "5"]
[White "Bernabe Duran, Francisco"]
[Black "Suarez Calvo, Alberto"]
[Result "1-0"]
[WhiteElo "2120"]
[BlackElo "2125"]
[PlyCount "83"]
[EventDate "1995.??.??"]
[Source "www.chesslib.no"]
[SourceDate "2004.05.04"]

1. e4 e5 2. f4 exf4 3. Nf3 Be7 4. Nc3 Bh4+ 5. Ke2 Nc6 6. d4 d6 7. Bxf4 Bg4 8. Nd5 Nf6 9. Qd3 O-O 10. Kd2 Bxf3 11. gxf3 Nxd5 12. exd5 Bg5 13. Qe3 Bxf4 14. Qxf4 Ne7 15. Bc4 Ng6 16. Qg3 Qf6 17. c3 Rfe8 18. Rae1 a6 19. Bd3 Re7 20. Bxg6 hxg6 21. Rxe7 Qxe7 22. Re1 Qd7 23. Qg5 Re8 24. Rxe8+ Qxe8 25. b3 f5 26. c4 Kf7 27. h4 Qd7 28. Ke3 Qe8+ 29. Kf2 Qd7 30. Qe3 Qd8 31. Qe6+ Kf8 32. Kg3 Qe7 33. Qxe7+ Kxe7 34. Kf4 Kf6 35. b4 b6 36. c5 a5 37. bxa5 bxa5 38. a4 g5+ 39. hxg5+ Kg6 40. c6 Kf7 41. Kxf5 g6+ 42. Ke4 1-0

[Event "Sparkassen op-A"]
[Site "?"]
[Date "2000.07.13"]
[Round "6"]
[White "Villwock Martin"]
[Black "Diehl Klaus"]
[Result "0-1"]
[WhiteElo "2122"]
[BlackElo "2108"]
[PlyCount "68"]
[EventDate "2000.??.??"]
[Source "www.chesslib.no"]
[SourceDate "2004.05.04"]

1. e4 e5 2. f4 exf4 3. Nf3 Be7 4. Nc3 Bh4+ 5. Ke2 d5 6. Nxd5 Bg4 7. d4 Nf6 8. Nxf6+ Bxf6 9. e5 Bg5 10. h4 Bh6 11. Kf2 O-O 12. Bc4 Nc6 13. c3 Ne7 14. g3 fxg3+ 15. Kxg3 Qd7 16. Bxh6 Nf5+ 17. Kf2 Nxh6 18. Rg1 Kh8 19. Qe2 f5 20. Bb3 Qe7 21. Rh1 a5 22. a3 Ra6 23. Rag1 Rb6 24. Ba2 Rg6 25. h5 Bxf3 26. Qxf3 Rg4 27. Ke2 c5 28. Rxg4 fxg4 29. Qe4 g3 30. d5 Rf2+ 31. Kd3 Qg5 32. Qe3 Qg4 33. Qe1 b5 34. c4 Qd4# 0-1

[Event "Corr"]
[Site "?"]
[Date "2001.03.27"]
[Round "?"]
[White "Ventimiglia Chuck"]
[Black "Belov Dmitry"]
[Result "0-1"]
[WhiteElo "2013"]
[BlackElo "2202"]
[PlyCount "64"]
[EventDate "2001.??.??"]
[Source "www.chesslib.no"]
[SourceDate "2004.05.04"]

1. e4 e5 2. f4 exf4 3. Nf3 Be7 4. Nc3 Bh4+ 5. Ke2 Be7 6. d4 g5 7. Kf2 d6 8. Bc4 Nc6 9. Rf1 Bg4 10. Bb5 a6 11. Bxc6+ bxc6 12. Qd3 h6 13. Kg1 Bf6 14. b3 Ne7 15. Bb2 O-O 16. Rae1 Bg7 17. Nd1 Re8 18. c4 c5 19. d5 Bxb2 20. Nxb2 Ng6 21. Qc3 f6 22. Nd3 Ne5 23. Nfxe5 fxe5 24. a3 a5 25. Nf2 Bd7 26. Qf3 Qf6 27. Re2 Qg6 28. Qd3 g4 29. Nd1 Rf8 30. Ref2 Rab8 31. Rb2 f3 32. Kh1 fxg2+ 0-1

[Event "Budapest HUN"]
[Site "?"]
[Date "2005.04.10"]
[Round "9"]
[White "Csaszar Gyula"]
[Black "Nyland Thomas"]
[Result "0-1"]
[WhiteElo "2115"]
[BlackElo "2090"]
[PlyCount "62"]
[EventDate "2005.??.??"]
[Source "www.chesslib.no"]
[SourceDate "2004.05.04"]

1. e4 e5 2. f4 exf4 3. Nf3 Be7 4. Bc4 Bh4+ 5. Kf1 d6 6. d4 Bg5 7. Nc3 Bh6 8. Ne2 Nf6 9. Qd3 d5 10. exd5 Nxd5 11. Bxd5 Qxd5 12. Nxf4 Bxf4 13. Bxf4 O-O 14. Bxc7 Bf5 15. Qe2 Na6 16. c4 Qc6 17. Ba5 Rfe8 18. Ne5 Qa4 19. Bc3 f6 20. b3 Qa3 21. Qf3 fxe5 22. Qxb7 Qd6 23. c5 Nxc5 24. dxc5 Qd3+ 25. Kf2 Qc2+ 26. Kg3 Be4 27. Qb4 Qxg2+ 28. Kh4 g5+ 29. Kh5 Qf3+ 30. Kxg5 Qf4+ 31. Kh5 Bg6# 0-1

[Event "Budapest HUN"]
[Site "?"]
[Date "2003.??.??"]
[Round "8"]
[White "Pinkus Lutz"]
[Black "Hoang Tri"]
[Result "0-1"]
[WhiteElo "2155"]
[BlackElo "2040"]
[PlyCount "58"]
[EventDate "2003.??.??"]
[Source "www.chesslib.no"]
[SourceDate "2004.05.04"]

1. e4 e5 2. f4 exf4 3. Nf3 Be7 4. Bc4 Bh4+ 5. Kf1 d5 6. Bxd5 Nf6 7. Nc3 Nxd5 8. Nxd5 Bg4 9. h3 Bxf3 10. Qxf3 O-O 11. Nxf4 Nc6 12. g3 Nd4 13. Qg4 Nxc2 14. Rb1 Bg5 15. Qf3 Nd4 16. Qf2 Qd6 17. Kg2 f5 18. d3 fxe4 19. dxe4 Ne6 20. Rf1 Bxf4 21. Bxf4 Nxf4+ 22. gxf4 Qg6+ 23. Kf3 Rxf4+ 24. Kxf4 Rf8+ 25. Ke3 Qb6+ 26. Ke2 Qb5+ 27. Ke3 Qc5+ 28. Ke2 Rxf2+ 29. Rxf2 Qc2+ 0-1

[Event "Landesliga N Bayern 9596"]
[Site "GER"]
[Date "1996.??.??"]
[Round "?"]
[White "Burkhardt, Holger"]
[Black "Appel, Helmut"]
[Result "1-0"]
[WhiteElo "2085"]
[BlackElo "2105"]
[PlyCount "105"]
[EventDate "1995.10.??"]
[Source "www.chesslib.no"]
[SourceDate "2004.05.04"]

1. e4 e5 2. f4 exf4 3. Nf3 Be7 4. Nc3 Bh4+ 5. Ke2 d6 6. d4 Bg4 7. Bxf4 Nc6 8. Qd3 Nge7 9. Kd2 Ng6 10. Be3 O-O 11. Nxh4 Qxh4 12. g3 Qd8 13. Bg2 Nb4 14. Qb5 c5 15. h3 Bd7 16. Qe2 Qa5 17. d5 b5 18. Bf4 Rfe8 19. Qf2 Ne5 20. Bxe5 Rxe5 21. Rhf1 f6 22. Qf4 Na6 23. a3 Qc7 24. Rf2 Rc8 25. g4 b4 26. Ne2 Bb5 27. Ng3 c4 28. Kc1 b3 29. c3 Nc5 30. Rd2 Nd3+ 31. Rxd3 cxd3 32. Kd2 Rce8 33. Rf1 Rxd5 34. exd5 Bc4 35. Re1 Rxe1 36. Kxe1 Qc5 37. Qd4 Qxa3 38. bxa3 b2 39. Qxc4 b1=Q+ 40. Kf2 Qc2+ 41. Kg1 g6 42. Qd4 a5 43. Be4 Qc1+ 44. Nf1 Qxa3 45. Bxd3 Kg7 46. g5 Kg8 47. Qxf6 Qc5+ 48. Qd4 Qc8 49. Kg2 Qd7 50. Ne3 Qe7 51. h4 a4 52. Ng4 h5 53. Qf6 1-0

[Event "Baile Herculane women"]
[Site "Baile Herculane"]
[Date "1994.??.??"]
[Round "8"]
[White "Duminica, Mariana"]
[Black "Andreescu, Nicoleta A"]
[Result "1-0"]
[WhiteElo "2100"]
[BlackElo "2085"]
[PlyCount "51"]
[EventDate "1994.??.??"]
[Source "www.chesslib.no"]
[SourceDate "2004.05.04"]

1. f4 e5 2. e4 exf4 3. Nf3 Be7 4. Bc4 Bh4+ 5. Kf1 d5 6. Bxd5 f5 7. d4 Nf6 8. Nxh4 Nxd5 9. Qh5+ g6 10. Nxg6 Nf6 11. Qh4 Rg8 12. Nxf4 Qxd4 13. Nc3 fxe4 14. Nfe2 Qc4 15. Bg5 Nbd7 16. Rd1 Qf7 17. Ke1 Qg6 18. Bxf6 Nxf6 19. Rf1 Rf8 20. Qf4 Rf7 21. Qe5+ Kf8 22. Rd8+ Kg7 23. Nf4 Qh6 24. Nxe4 Bf5 25. Rxa8 Bxe4 26. Ne6+ 1-0

[Event "RLSW_Sonthofen1-Unterhaching1"]
[Site "?"]
[Date "2005.01.16"]
[Round "5.6"]
[White "Jahrsdoerfer Gerd"]
[Black "Reiser Wolfgang"]
[Result "1/2-1/2"]
[WhiteElo "2139"]
[BlackElo "2038"]
[PlyCount "109"]
[EventDate "2005.??.??"]
[Source "www.chesslib.no"]
[SourceDate "2004.05.04"]

1. e4 e5 2. f4 exf4 3. Nf3 Be7 4. Bc4 Bh4+ 5. Kf1 d5 6. Bxd5 Nf6 7. Nc3 Nxd5 8. Nxd5 f5 9. Nxh4 Qxh4 10. Qe1 Qxe1+ 11. Kxe1 Na6 12. d4 c6 13. Nxf4 fxe4 14. Be3 O-O 15. Kd2 Bd7 16. Rhf1 Nc7 17. c4 b5 18. b3 a5 19. Ne2 Bf5 20. Ng3 Bg6 21. Rxf8+ Rxf8 22. Rf1 Rd8 23. Kc3 Ne6 24. Rd1 bxc4 25. bxc4 Nc5 26. Rb1 Na4+ 27. Kd2 Bf7 28. a3 Bxc4 29. Nxe4 Bd5 30. Nc3 Nxc3 31. Kxc3 Bxg2 32. Rb6 Ra8 33. Bf4 Bf3 34. Be5 Ra7 35. Kc4 Kf7 36. Kc5 g5 37. Rb8 a4 38. Kb6 Re7 39. Ra8 c5 40. Rxa4 cxd4 41. Bxd4 h5 42. Ra7 Rxa7 43. Kxa7 Ke6 44. a4 Kf5 45. a5 Kg4 46. Bf6 Kf5 47. Bd8 Kg4 48. a6 Kh3 49. Bc7 h4 50. Kb8 g4 51. a7 g3 52. Bxg3 hxg3 53. hxg3 Kxg3 54. a8=R Bxa8 55. Kxa8 1/2-1/2

[Event "It (open)"]
[Site "Klatovy (Czech Republic)"]
[Date "2007.07.05"]
[Round "6"]
[White "Ondrejat Miroslav (CZE)"]
[Black "Forman Miroslav (CZE)"]
[Result "1/2-1/2"]
[WhiteElo "2114"]
[BlackElo "2061"]
[PlyCount "41"]
[EventDate "2007.??.??"]
[Source "www.chesslib.no"]
[SourceDate "2004.05.04"]

1. f4 e5 2. e4 exf4 3. Nf3 Be7 4. Bc4 d6 5. O-O Nf6 6. Nc3 O-O 7. d3 Nc6 8. Bxf4 Ne5 9. Bb3 c6 10. Qe2 Bg4 11. Kh1 Nfd7 12. d4 Bxf3 13. gxf3 Ng6 14. Bg3 Nb6 15. f4 Re8 16. Qh5 Nh8 17. Rae1 Rc8 18. Ne2 d5 19. e5 g6 20. Qh3 f5 21. c3 1/2-1/2

[Event "Getco-Kings, b2"]
[Site "?"]
[Date "2003.05.17"]
[Round "2"]
[White "Jasaitis, Tony"]
[Black "Melnikov, Igor"]
[Result "1-0"]
[WhiteElo "2107"]
[BlackElo "2055"]
[PlyCount "57"]
[EventDate "2003.??.??"]
[Source "www.chesslib.no"]
[SourceDate "2004.05.04"]

1. e4 e5 2. f4 exf4 3. Nf3 Be7 4. Bc4 Bh4+ 5. Kf1 d5 6. Bxd5 Nf6 7. Nxh4 Nxd5 8. exd5 Qxh4 9. Qe1+ Qxe1+ 10. Kxe1 Na6 11. a3 Bg4 12. d3 g5 13. Kf2 O-O-O 14. Nc3 f5 15. Bd2 Nc5 16. Rae1 Rhe8 17. b4 Nd7 18. Nb5 a6 19. Nd4 Ne5 20. Ne6 Rxd5 21. Nxg5 Bh5 22. Bxf4 Ng4+ 23. Kf1 h6 24. Nf3 a5 25. h3 Nf6 26. Kf2 Bxf3 27. Kxf3 axb4 28. axb4 Rd4 29. Be5 1-0

[Event "HUN-chT2 0102"]
[Site "?"]
[Date "2002.04.21"]
[Round "11"]
[White "Zila Laszlo"]
[Black "Korodi Tibor"]
[Result "1-0"]
[WhiteElo "2254"]
[BlackElo "1883"]
[PlyCount "47"]
[EventDate "2002.??.??"]
[Source "www.chesslib.no"]
[SourceDate "2004.05.04"]

1. e4 e5 2. f4 exf4 3. Nf3 Be7 4. Bc4 Bh4+ 5. Kf1 d5 6. exd5 Bg4 7. d4 Qf6 8. Nc3 Na6 9. Ne4 Qe7 10. Nf2 Bh5 11. Bxf4 O-O-O 12. Bxa6 bxa6 13. Qd3 Bxf2 14. Qxa6+ Kd7 15. Qc6+ Kc8 16. d6 Rxd6 17. Bxd6 Bxf3 18. gxf3 Qxd6 19. Qxd6 cxd6 20. Kxf2 Nf6 21. Rae1 Kd7 22. c4 Nh5 23. d5 Nf4 24. Re3 1-0

[Event "2o OPEN A.S.O.P DIAS"]
[Site "Petroupoli"]
[Date "2007.05.12"]
[Round "1"]
[White "Dounis, Alexandros"]
[Black "Plevris, Konstantinos"]
[Result "1-0"]
[WhiteElo "2174"]
[BlackElo "1955"]
[PlyCount "83"]
[EventDate "2007.??.??"]
[Source "www.chesslib.no"]
[SourceDate "2004.05.04"]

1. e4 e5 2. f4 exf4 3. Nf3 Be7 4. Nc3 d6 5. Bc4 Nc6 6. O-O Ne5 7. Be2 g5 8. d4 Ng6 9. h4 h6 10. h5 Nf8 11. Nd5 c6 12. Nxe7 Qxe7 13. e5 d5 14. c4 dxc4 15. Nd2 Be6 16. Ne4 O-O-O 17. Nd6+ Rxd6 18. exd6 Qxd6 19. b3 cxb3 20. axb3 a6 21. Ba3 Qd8 22. Qc2 Bd5 23. Bxf8 Qxf8 24. Qf5+ Be6 25. Qe5 Ne7 26. Bxa6 Nd5 27. Bc4 Nc7 28. Ra7 Bxc4 29. bxc4 Qe8 30. Rb1 Qxe5 31. dxe5 Re8 32. Rbxb7 Re7 33. Kf2 g4 34. c5 Kd8 35. Rb4 f3 36. gxf3 gxf3 37. Rb8+ Kd7 38. Rbb7 Kd8 39. Kxf3 Kc8 40. Ke4 Rd7 41. Kf5 Re7 42. Rxc7+ 1-0

[Event "Lisboa POR, Closed"]
[Site "?"]
[Date "2003.11.27"]
[Round "7"]
[White "Marques Rui Filipe Pereira"]
[Black "Leite Catarina"]
[Result "0-1"]
[WhiteElo "1923"]
[BlackElo "2201"]
[PlyCount "62"]
[EventDate "2003.??.??"]
[Source "www.chesslib.no"]
[SourceDate "2004.05.04"]

1. e4 e5 2. f4 exf4 3. Nf3 Be7 4. Be2 d5 5. exd5 Qxd5 6. Nc3 Qd6 7. d4 Nf6 8. Nb5 Qb6 9. c4 c6 10. Nc3 O-O 11. c5 Qc7 12. Qd2 Be6 13. Qxf4 Qxf4 14. Bxf4 Nd5 15. Nxd5 Bxd5 16. O-O Nd7 17. Ne5 Nf6 18. Bg5 Rfe8 19. b4 Rad8 20. Rad1 Ne4 21. Bxe7 Rxe7 22. Bf3 Nc3 23. Rd3 Bxf3 24. Nxf3 Ne2+ 25. Kf2 Nf4 26. Rd2 Nd5 27. Rb1 Kf8 28. b5 Nc3 29. Rb3 Ne4+ 30. Ke3 Nxc5+ 31. Kf2 Nxb3 0-1